Sports Quiz

Random Sports Quiz

Aston Villa's 12 most recent England internationals Quiz Stats

Quiz not verified by Sporcle

Challenge
Share
Tweet
Embed
Score 0/12 Timer 06:00
0 Plays Today
Hint Answer % Correct
2000-2009, 29 capsGareth Barry
90.1%
2007-2011, 15 capsAshley Young
87%
2009-2010, 12 capsJames Milner
82%
2014-2015, 6 capsFabian Delph
64.4%
2011, 4 capsStewart Downing
61.4%
2008-2009, 3 capsGabby Agbonlahor
56.5%
2002-2004, 22 capsDarius Vassell
47.2%
2009-2010, 12 capsEmile Heskey
40.7%
2000-2001, 3 capsDavid James
36.7%
2007, 2 capsScott Carson
34.7%
2010, 1 capStephen Warnock
33.8%
2011, 6 capsDarren Bent
30.6%

You're not logged in!

Compare scores with friends on all Sporcle quizzes.
Sign Up with Email
OR
Log In

You Might Also Like...

Show Comments

Extras

Top Quizzes Today


Score Distribution

Your Account Isn't Verified!

In order to create a playlist on Sporcle, you need to verify the email address you used during registration. Go to your Sporcle Settings to finish the process.

Report this User

Report this user for behavior that violates our Community Guidelines.

Details: